LEADER 01583nam a2200313 i 4500 001 000000179805 003 CaOOAMICUS 005 20090609000000.0 008 090609s2009 it u000 u ita u 013 $a157411 020 $a978-88-215-6473-4 040 $aSeMil$bita 245 10$aFenomeno Bibbia :$buna sorprendente inchiesta sul libro pił letto del mondo /$ca cura di Vincenzo Paglia. 260 $aCinisello Balsamo :$bSan Paolo,$c2009. 300 $a165 p. ;$c24 cm. 490 0 $aDimensioni dello spirito : collana di classici del pensiero cristiano moderno ;$v145. 500 $aContiene : Un'intervista al card. C.M. Martini di L. Bressan. 650 4$aMartini, Carlo Maria - Interviste.$0(OLS)http://semarc/subject/10031 650 4$aBibbia - Insegnamento - Inchieste.$0(OLS)http://semarc/subject/34170 700 1 $aMartini, Carlo Maria,$c.$0(OLS)http://semarc/name/89159 700 1 $aPaglia, Vincenzo,$c.$0(OLS)http://semarc/name/90485 830 0$aDimensioni dello spirito ;$v145.$0(OLS)http://semarc/title/428593 850 $aSeMil 852 $aSeMil$W1$xVenegono$y1$m2V IV 69$j130562$B130562$CSeMilBibl$Z2$F142165 $81 941 1 $a4 961 $aOmaggio: Bressan don Luca 996 $6020$a978-88-215-6473-4$9(OLS)http://semarc/number/169032 996 $6245$aFenomeno Bibbia :$buna sorprendente inchiesta sul libro pił letto del mondo$9(OLS)http://semarc/title/258163 996 $6260$aCinisello Balsamo :$bSan Paolo$9(OLS)http://semarc/publisher/30129 LEADER 00938nam a2200241 i 4500 001 000000076362 003 CaOOAMICUS 005 20071002000000.0 008 071002s1968 it u000 u ita u 013 $a47534 040 $aSeMil$bita 100 1 $aTedeschini Lalli, Biancamaria.$0(OLS)http://semarc/name/11660 245 10$a[Dos Passos /$cdi Bianca Tedeschini-Lalli]. 260 $aFirenze :$bLa Nuova Italia,$c1968. 300 $a114 p. ;$c17 cm. 490 0 $aIl castoro ;$v21 500 $aContiene : Note bibliografiche ; Notizie biografiche. 650 4$aDos Passos, John Roderigo.$0(OLS)http://semarc/subject/15603 830 3$aIl castoro ;$v21.$0(OLS)http://semarc/title/659 850 $aSeMil 852 $aSeMil$W1$xVenegono$y1$m1L II 19$j42514$B42514$CSeMilBibl$Z2$F42518 $81 996 $6245$a[Dos Passos$9(OLS)http://semarc/title/123755 996 $6260$aFirenze :$bLa Nuova Italia$9(OLS)http://semarc/publisher/30055